00398nam a2200133 a 4500008004100000020001500041050001600056100001600072245007800088260004500166350000900211650001500220650002900235120416s1996 ||||||||||||||||| || u a8171691498 aHD 58.7 Ent aDubey, V. K10aEnterprise management and organisational behaviourcedited by V. K. Dubey aNew DelhibCommonwealth Publishersc1996 a0.00 0aMANAGEMENT aORGANIZATIONAL BEHAVIOUR